| 000 | 00682nam a2200193 i 4500 | ||
|---|---|---|---|
| 001 | bg | ||
| 245 | 0 |
_aElementy sterowania postępem technicznym w warunkach gospodarki rynkowej : _b[aut. Marian Gołębiowski et al.]. |
|
| 260 |
_aSzczecin : _bWydaw. Naukowe US, _c1991. |
||
| 300 |
_a91, [1] s. ; _c24 cm. |
||
| 490 | 1 |
_aRozprawy i Studia / Uniwersytet Szczeciński, _x0860-2751 ; _vt. 85 |
|
| 700 | 1 |
_aGOŁĘBIOWSKI, Marian. _eRed. |
|
| 710 | _aUNIWERSYTET SZCZECIŃSKI (Szczecin) | ||
| 830 | 0 |
_aRozprawy i Studia (Uniwersytet Szczeciński) ; _vt. 85 |
|
| 040 | _cBPK | ||
| 041 | _apol | ||
| 080 | _a338.23:008::62 | ||
| 942 | _cKS | ||
| 008 | s pl f |000 0 pol | ||
| 999 |
_c30035 _d30035 |
||
| 856 |
_uhttp://koha.tu.koszalin.pl/cgi-bin/koha/opac-detail.pl?biblionumber=30035 _yKatalog online BPK |
||